| 000 | 00412nam a2200169Ia 4500 | ||
|---|---|---|---|
| 008 | 221030s9999 xx 000 0 und d | ||
| 020 | _a0074622447 | ||
| 041 | _aEnglish | ||
| 082 |
_a105.23 _bMil |
||
| 100 | _aJ. Millman | ||
| 245 | 0 |
_aPulse, Digital & Switching Waveforms _cby J. Millman, H. Taub |
|
| 260 |
_bTata Mcgraw Hill _c2001 |
||
| 300 | _a958 | ||
| 650 | _aECE | ||
| 700 | _aH. Taub | ||
| 942 | _cBK | ||
| 999 |
_c1424 _d1424 |
||